Learning Breakthrough 2 : Student book
Nội dung sách giới thiệu phương pháp học tiếng anh gồm có các kỹ năng nghe, nói, đọc, viết.
Saved in:
| Format: | Book |
|---|---|
| Language: | Undetermined |
| Published: |
Cần Thơ
Đại học Cần Thơ
2012
|
| Subjects: | |
| Tags: |
Add Tag
No Tags, Be the first to tag this record!
|
| Institutions: | Trung tâm Học liệu Trường Đại học Cần Thơ |
|---|
| LEADER | 00746nam a2200217Ia 4500 | ||
|---|---|---|---|
| 001 | CTU_229687 | ||
| 008 | 210402s9999 xx 000 0 und d | ||
| 020 | |c 28000 | ||
| 082 | |a 428.24 | ||
| 082 | |b L438 | ||
| 245 | 0 | |a Learning Breakthrough 2 : | |
| 245 | 0 | |b Student book | |
| 245 | 0 | |c Đỗ Xuân Hải ... [et al.] | |
| 260 | |a Cần Thơ | ||
| 260 | |b Đại học Cần Thơ | ||
| 260 | |c 2012 | ||
| 520 | |a Nội dung sách giới thiệu phương pháp học tiếng anh gồm có các kỹ năng nghe, nói, đọc, viết. | ||
| 650 | |a English language,Tiếng Anh | ||
| 650 | |x Study and teaching,Dạy và học | ||
| 910 | |a Tuyến | ||
| 980 | |a Trung tâm Học liệu Trường Đại học Cần Thơ | ||